Puruṣārthacintāmaṇiḥ

Treatise on Purushārtha and on the proper time for Hindu religious observances

Saved in:  
Bibliographic Details
Subtitles:Puruṣārthacintāmaṇi
Puruṣārthacintāmaṇi of Śrī Viṣṇubhaṭṭa 'Āṭhavale'
Main Author: Āṭhavale, Viṣṇubhaṭṭa (Author)
Contributors: Miśra, Vyāsa (Editor)
Format: Print Book
Language:Sanskrit
Subito Delivery Service: Order now.
Check availability: HBZ Gateway
WorldCat: WorldCat
Interlibrary Loan:Interlibrary Loan for the Fachinformationsdienste (Specialized Information Services in Germany)
Published: Vārāṇasyām Sampūrṇānanda-Saṃskṛta-Viśvavidyālayaḥ 2006
In: Sarasvatībhavanagranthamālā (154)
Year: 2006
Edition:1. saṃskaraṇam
Series/Journal:Sarasvatībhavanagranthamālā 154
Standardized Subjects / Keyword chains:B Purushartha
B Dharmaśāstra / Saṃskāras
Further subjects:B Purushartha
B Purushārtha
B Spring
B Hinduism Rituals

MARC

LEADER 00000cam a2200000 c 4500
001 1618915878
003 DE-627
005 20251225201329.0
007 tu
008 090407s2006 ii ||||| 00| ||san c
020 |a 8172701829  |9 81-7270-182-9 
035 |a (DE-627)1618915878 
035 |a (DE-576)305246674 
035 |a (DE-599)BSZ305246674 
035 |a (OCoLC)930657994 
035 |a (IiNdDKA)SAN-9518-HBD 
040 |a DE-627  |b ger  |c DE-627  |e rakwb 
041 |a san 
044 |c XB-IN 
050 0 |a BL1215.P87 
082 0 |a 294.538 
084 |a 6,24  |2 ssgn 
084 |a 11.92  |2 bkl 
084 |a 18.67  |2 bkl 
100 1 |0 (DE-627)137524664X  |0 (DE-576)30524664X  |4 aut  |a Āṭhavale, Viṣṇubhaṭṭa 
109 |a Āṭhavale, Viṣṇubhaṭṭa  |a Viṣṇubhaṭṭa Āṭhavale 
245 1 0 |a Puruṣārthacintāmaṇiḥ  |c 'Āṭhavale' Ityupāhvaviṣṇubhaṭṭaviracitaḥ. Sampādakaḥ, Vyāsamiśraḥ; Aśokakumārakāliyāmahodayasya prastāvanayā vibhūṣitaḥ 
246 1 |i Ansetzungssachtitel  |a Puruṣārthacintāmaṇi 
246 3 3 |a Puruṣārthacintāmaṇi of Śrī Viṣṇubhaṭṭa 'Āṭhavale' 
247 1 0 |a Puruṣārthacintāmaṇi of Śrī Viṣṇubhaṭṭa 'Āṭhavale' 
250 |a 1. saṃskaraṇam 
264 1 |a Vārāṇasyām  |b Sampūrṇānanda-Saṃskṛta-Viśvavidyālayaḥ  |c 2006 
300 |a 2, 2, 58, 596 S.  |c 25 cm 
336 |a Text  |b txt  |2 rdacontent 
337 |a ohne Hilfsmittel zu benutzen  |b n  |2 rdamedia 
338 |a Band  |b nc  |2 rdacarrier 
490 1 |a Sarasvatībhavana - granthamālā 154 
500 |a Sanskrit in Devanagari-Schr 
520 |a Treatise on Purushārtha and on the proper time for Hindu religious observances 
583 1 |a Archivierung prüfen  |c 20200919  |f DE-640  |z 1  |2 pdager 
583 1 |a Archivierung/Langzeitarchivierung gewährleistet  |f SSG  |x XA-DE-BW  |2 pdager  |5 DE-16-77 
650 0 |a Purushartha 
650 0 |a Hinduism  |x Rituals 
650 0 |a Purushārtha 
650 0 |a Hinduism  |x Rituals 
655 7 |a Quelle  |0 (DE-588)4135952-5  |0 (DE-627)105661236  |0 (DE-576)209665084  |2 gnd-content 
689 0 0 |d s  |0 (DE-588)4292803-5  |0 (DE-627)104200642  |0 (DE-576)210898011  |2 gnd  |a Puruṣārtha 
689 0 |5 (DE-627) 
689 1 0 |d s  |0 (DE-588)4281449-2  |0 (DE-627)104366087  |0 (DE-576)210767855  |2 gnd  |a Dharmashastra 
689 1 1 |d s  |0 (DE-588)4311327-8  |0 (DE-627)124253032  |0 (DE-576)211135291  |2 gnd  |a Samskāra 
689 1 |5 (DE-627) 
689 2 0 |d s  |0 (DE-588)4281449-2  |0 (DE-627)104366087  |0 (DE-576)210767855  |2 gnd  |a Dharmashastra 
689 2 1 |d s  |0 (DE-588)4311327-8  |0 (DE-627)124253032  |0 (DE-576)211135291  |2 gnd  |a Samskāra 
689 2 |5 (DE-627) 
700 1 |e Hrsg.  |0 (DE-588)1146345755  |0 (DE-627)1007870397  |0 (DE-576)184597242  |4 edt  |a Miśra, Vyāsa 
830 0 |a Sarasvatībhavanagranthamālā  |v 154  |9 154  |w (DE-627)520325885  |w (DE-576)024894389  |w (DE-600)2259415-2  |7 am 
889 |w (DE-627)563146214 
935 |a mteo 
935 |i mdedup 
936 b k |a 11.92  |j Hinduismus  |0 (DE-627)106403966 
936 b k |a 18.67  |j Sanskrit: Sprache und Literatur  |0 (DE-627)106423142 
951 |a BO 
ELC |b 1 
ORI |a SA-MARC-ixtheo_oa001.raw 
REL |a 1 
STA 0 0 |a Dharmaśāstra,Purushartha,Saṃskāras 
STB 0 0 |a Dharmashastra,Puruṣārtha,Purushartha,Purushartha,Saṃskāra 
STC 0 0 |a Dharmasastra,Purusartha,Samskara 
STD 0 0 |a Dharmaśāstra,Purushartha,Samskāra 
STE 0 0 |a 家祭,行,法论,目标的生活,人生意义 
STF 0 0 |a 家祭,行,法論,目標的生活,人生意義 
STG 0 0 |a Dharmasastra,Purusartha,Samskara 
STH 0 0 |a Дхармашастры,Пурушартха,Санскары 
STI 0 0 |a Samskāra,Νταρμασάστρα,Dharmaśāstra,Πουρουσάρτα,Purushartha,Πουρουσάρθα 
SUB |a REL 
SYG 0 0 |a Purushārtha , Dharmaśāstra , Sankhara , Dharmaśāstra , Sankhara